000 00328 a2200145 4500
001 149075
040 _cEscola São Tomás de Aquino
100 _aSCHUBERT, Dieter
240 1 0 _aPezinho-Espalhado
_lpor
245 1 0 _aPezinho-Espalhado
362 0 _a1995
440 1 _aÁtica
697 _a*LITERATURA INFANTO
942 _cBK
999 _c149075
_d149075